Ultimate guide to the LLB entrance examination 2016 / (Record no. 100317)

MARC details
000 -LEADER
fixed length control field 00697nam a22002297a 4500
005 - DATE AND TIME OF LATEST TRANSACTION
control field 20160801151439.0
010 ## - LCCN (DPL NO)
LC control number ENG-115602
020 ## - INTERNATIONAL STANDARD BOOK NUMBER
International Standard Book Number 9789351436799
Terms of availability 695.00
035 ## - SYSTEM CONTROL NUMBER
System control number EN-99134
037 ## - SOURCE OF ACQUISITION
Source of stock number/acquisition DBAD/PUB
082 ## - DEWEY DECIMAL CLASSIFICATION NUMBER
Classification number 000
100 ## - MAIN ENTRY--PERSONAL NAME
Personal name Rashid M.A.
245 ## - TITLE STATEMENT
Title Ultimate guide to the LLB entrance examination 2016 /
Statement of responsibility, etc M.A. Rashid [and] Nisa fasil
250 ## - EDITION STATEMENT
Edition statement 8th ed.
260 ## - PUBLICATION, DISTRIBUTION, ETC. (IMPRINT)
Place of publication, distribution, etc Gurgaon
Name of publisher, distributor, etc LexisNexis
Date of publication, distribution, etc 2016
270 ## - ADDRESS
Address 14th Floor,Building No-10,Tower-B,DLF Cyber City, Phase-II
City Gurgaon
Postal code 122002
300 ## - PHYSICAL DESCRIPTION
Extent xxvi,1163p.
Dimensions 24cm(pbk)
490 ## - SERIES STATEMENT
Series statement Best choice for CLAT
500 ## - GENERAL NOTE
General note Includes index
700 ## - ADDED ENTRY--PERSONAL NAME
Personal name Nisa Fasil
942 ## - ADDED ENTRY ELEMENTS (KOHA)
Source of classification or shelving scheme Dewey Decimal Classification
Item type English Books
Call number suffix RAS
Classification part 000
Holdings
Withdrawn status Lost status Not for loan Collection code Home library Current library Date acquired Source of acquisition Cost, normal purchase price Full call number Barcode Copy number Cost, replacement price Koha item type
    Not For Loan Non-fiction D.B.Act.Division D.B.Act.Division 14/06/2016 DVAD/PUB 750.00 364.12 BRI EN-98795 1 750.00 English Books
    Not For Loan Fiction D.B.Act.Division D.B.Act.Division 01/08/2016 DBAD/PUB 695.00 000 RAS EN-99134 1 695.00 English Books

© Delhi Public Library
Hit Counter
free hit counter